Código civil

Uloženo v:
Podrobná bibliografie
Hlavní autoři: López López, Jerónimo (autor), Melón Infante, Carlos (Autor)
Médium: Kniha
Jazyk:španělština
Vydáno: Madrid Instituto Nacional de Estudios Jurídicos 1969
Témata:
Tagy: Přidat tag
Žádné tagy, Buďte první, kdo vytvoří štítek k tomuto záznamu!

MARC

LEADER 00000nam a2200000 a 4500
001 UCS1737
003 CL-VaPUC
008 970515e19690000SP |||||||||||||||||spa|d
082 0 4 |a 346.46  |b LOP  |2 21 
100 |a López López, Jerónimo  |e autor  |9 386466 
700 0 |a Melón Infante, Carlos  |e author  |9 386467 
245 1 0 |a Código civil 
300 |a 588 p 
942 |c BK 
945 |d 19970515 00:00:00  |a paguirre 
260 |a Madrid  |b Instituto Nacional de Estudios Jurídicos  |c 1969 
650 0 |a Derecho civil  |9 255013 
650 0 |a Códigos  |9 352314 
650 7 |a PERSONA  |2 CL-VaPUC  |9 327934 
650 0 |a Personas jurídicas  |9 257259 
650 7 |a DOMICILIO  |2 CL-VaPUC  |9 371886 
650 0 |a Derecho de familia  |9 255603 
650 7 |a MATRIMONIO  |2 CL-VaPUC  |9 386468 
650 0 |a Filiación  |9 256647 
650 0 |a Adopción  |9 255783 
650 0 |a Bienes  |9 255749 
650 0 |a Propiedad   |9 255268 
650 0 |a Usufructo  |9 256763 
650 0 |a Derecho sucesorio  |9 255015 
650 0 |a Obligaciones   |9 255578 
650 0 |a Contratos  |9 255153 
651 0 |a España  |9 254926 
583 |a last modification  |c 19970515 00:00:00  |k Rodrigo Vera 
999 |c 259769  |d 259767 
952 |0 0  |1 0  |4 0  |6 346_460000000000000_LOP_1969  |7 0  |8 A  |9 285084  |a BIBDER  |b BIBDER  |d 2019-11-19  |i 1850415  |o 346.46 LOP 1969  |p 1850415  |r 2023-01-25  |w 2019-11-19  |y BK  |k DER